Word Ladder: African Kingdoms Quiz Stats

 Plays Quiz Updated Mar 8, 2019

Score 0/13 Timer 02:00
2 Plays Today
Hint 4-Letter Word % Correct
Large shopping center MALL
97.8%
Batman actor ChristianBALE
97.1%
First, second, or third in baseballBASE
96.4%
Indonesian tourist islandBALI
94.6%
• Mansa Musa's kingdom in West Africa • • MALI •
94.2%
Huge partyBASH
92.1%
Follower of 'eye,' 'whip,' or 'back'LASH
91.9%
To ponder or think overMULL
91.6%
Abundant with vegetationLUSH
88.9%
Temporary lack of activityLULL
83.1%
'To Sir with Love' singerLULU
72.8%
• Shaka's kingdom in South Africa • • ZULU •
69.8%
• Nubian kingdom based in Meroe • • KUSH •
35.1%

Today's Daily Dose

Missing Word
Celine Dion

Word Ladder
Dr. Seuss Books

Quick Pick
Cities in India

Get the Picture
'A' Actresses

You're not logged in!

Compare scores with friends on all Sporcle quizzes.
OR
Log In

Sporcle TV

Today on Sporcle TV


Watch our educational content, quiz creation guides, and fun videos on Sporcle TV.

Show Comments

Extras

Top Quizzes Today


Score Distribution

Your Account Isn't Verified!

In order to create a playlist on Sporcle, you need to verify the email address you used during registration. Go to your Sporcle Settings to finish the process.

Report this User

Report this user for behavior that violates our Community Guidelines.

Details: